<?xml version="1.0" encoding="UTF-8"?>
<collection xmlns="http://www.loc.gov/MARC21/slim">
 <record>
  <leader>01350nam a2200217Ia 4500</leader>
  <controlfield tag="001">CTU_25169</controlfield>
  <controlfield tag="008">210402s9999    xx            000 0 und d</controlfield>
  <datafield tag="020" ind1=" " ind2=" ">
   <subfield code="b">24,000đ</subfield>
  </datafield>
  <datafield tag="082" ind1=" " ind2=" ">
   <subfield code="a">809</subfield>
  </datafield>
  <datafield tag="082" ind1=" " ind2=" ">
   <subfield code="b">Gi106</subfield>
  </datafield>
  <datafield tag="100" ind1=" " ind2=" ">
   <subfield code="a">Phan Hồng Giang</subfield>
  </datafield>
  <datafield tag="245" ind1=" " ind2="0">
   <subfield code="a">Ghi chép về tác giả và tác phẩm</subfield>
  </datafield>
  <datafield tag="245" ind1=" " ind2="0">
   <subfield code="b">Phê bình, tiểu luận</subfield>
  </datafield>
  <datafield tag="245" ind1=" " ind2="0">
   <subfield code="c">Phan Hồng Giang</subfield>
  </datafield>
  <datafield tag="260" ind1=" " ind2=" ">
   <subfield code="a">Hà Nội</subfield>
  </datafield>
  <datafield tag="260" ind1=" " ind2=" ">
   <subfield code="b">Văn học</subfield>
  </datafield>
  <datafield tag="260" ind1=" " ind2=" ">
   <subfield code="c">1996</subfield>
  </datafield>
  <datafield tag="520" ind1=" " ind2=" ">
   <subfield code="a">Sách gồm trích đoạn những bài viết phê bình, tiểu luận, nghiên cứu, ý kiến, hồi ức... của Phan Hồng Giang đã đăng rải rác trong 30 năm . Phần I viết về các tác giả Việt Nam và tác phẩm như Đỗ Chu, Chế Lan Viên, Nguyễn Khải, Bùi Hiển, Trường Chinh, Phạm Văn Đồng, Nguyễn Tuân... . Phần II, các tác giả nước ngoài như Lénine, Tsékhov, Sédril, Gorki, A. Tolstoyi, Gamzatov, Dmitrova, Collem McCullough... Sau cùng là phần phụ lục trích ba bài trả lời phỏng vấn của Phan Hồng Giang với Mai Linh, Yên Ba và Đoàn Minh Tuấn</subfield>
  </datafield>
  <datafield tag="650" ind1=" " ind2=" ">
   <subfield code="a">literature - history and criticism</subfield>
  </datafield>
  <datafield tag="904" ind1=" " ind2=" ">
   <subfield code="i">Minh, 980917</subfield>
  </datafield>
  <datafield tag="980" ind1=" " ind2=" ">
   <subfield code="a">Trung tâm Học liệu Trường Đại học Cần Thơ</subfield>
  </datafield>
 </record>
</collection>
